000 00633nam a22002057a 4500
003 OSt
005 20250826065241.0
008 250826b |||||||| |||| 00| 0 eng d
020 _a 0-8151-9244-4.
040 _aDWCL-Main lib
_cOC
082 _aCirc. 362.173068 L47 1995
100 _aWise S. Yoder
245 _aLeading and managing in nursing/
_cWise S. Yoder
260 _a St. Louis :
_b Mosby,
_cc1995.
300 _a xxv, 567 p. ;
_c25 cm.
504 _aIncludes bibliographical references & index.
650 _a1. Leadership.
650 _a2. Nursing Services - Administration.
942 _2ddc
_cBK-CIRC
_kCirc.
_n0
999 _c4274
_d4274